00760 2200289 4500001002100000005001500021035002000036007000300056040001200059100002600071245003500097250001000132300003600142020002200178041000800200082001100208084001700219090001700236264004100253336002100294337003000315338002300345650002900368850001000397008004100407990002200448INLIS00000000001349520260414093535 a0010-0825000054ta aSBPUPAD0 aKim SuhyunePengarang1 aHidup Apa Adanya /cKim Suhyun aCet.1 axii, 296 hlm :bilus., ;c19 cm a978-623-7100-29-4 aInd a155.25 a155.25 KIM h a155.25 KIM h aJakarta :bTransMedia Pustaka,c2020 2rdacontentaTeks 2rdamediaatanpa perantara 2rdacarrieravolume 4aPerkembangan Kepribadian aPUPAD260414 0  a39.277/S/DPK/2025